Tate McRae - Paroles TRYING ON SHOES - Statistiques

Statistiques générales
  • Ce quiz a été pris 58 fois
  • Le résultat moyen est 282 sur 356
Statistiques - réponses
Hint Réponse % Correct
I
97%
(Mm,
97%
a
93%
ah
93%
Ah,
93%
Bridge (Ah)
93%
(Ah,
93%
ah)
93%
Intro Ah,
93%
Couplet 1 Don't
93%
don't
93%
in,
93%
in
93%
(Oh)
93%
Anything
90%
bitter
90%
country
90%
Favorite
90%
glitter
90%
I'm
90%
I'm)
90%
know
90%
less
90%
make
90%
me
90%
me,
90%
(My
90%
my
90%
on
90%
shoes,
90%
the
90%
to
90%
Outro | Refrain Tryin'
90%
blue,
86%
but
86%
can
86%
Can
86%
for
86%
it
86%
pool
86%
puttin'
86%
reason
86%
so,
86%
(So
86%
So,
86%
what
86%
you
86%
You
86%
you)
86%
you,
86%
always
83%
body's
83%
can't
83%
diary
83%
dropped
83%
else
83%
feelin'
83%
go
83%
little
83%
of
83%
picture
83%
right)
83%
stop
83%
and
79%
(And
79%
And
79%
dealing?
79%
delete
79%
Did
79%
every
79%
fall
79%
"Fuck"
79%
God
79%
hard,
79%
hard
79%
how
79%
is
79%
Is
79%
like,
79%
line)
79%
love
79%
piss
79%
swear
79%
that
79%
your
79%
Got
76%
kind
76%
off
76%
off,
76%
pretty
76%
see
76%
somebody
76%
take
76%
turn
76%
whom
76%
Yeah,
76%
(Yeah,
76%
yeah,
76%
yeah)
76%
around
72%
be
72%
bitch
72%
forget
72%
not
72%
with
72%
all
69%
(All
69%
girl
69%
knew
69%
knows
69%
must've
69%
out
69%
someone
69%
took
69%
believe
66%
(Erased
66%
eyes
66%
I'll
66%
It's
66%
it's
66%
maybe
66%
never
66%
shows,
66%
used
66%
we
66%
year
66%
You'll
66%
at
62%
baby,
62%
isn't
62%
need?
62%
need
62%
reveal
62%
compete
59%
forgot
59%
remind)
59%
roll
59%
thought
59%
back
55%
idolize
55%
(If
55%
move
55%
once,
55%
once?
55%
truth)
55%
up
55%
were
55%
home,
52%
loved
52%
pace,
48%
seat
48%
type
48%
'cause
45%
front
45%
Just,
45%
just
45%
Or
45%
Stayin'
45%
talk
45%
warming
45%
you'd
45%
guess
41%
place
41%
wait,
41%
thinkin'
38%
wrong
38%
turning
28%
thе
3%
Aucun quiz correspondant
Distribution des résultats
% des personnes avec chaque résultat
Percentile par nombre de réponses
Votre historique - résultats
Vous n’avez pas pris ce quiz